National Assembly Library of Thailand

พม่ารบไทย : ว่าด้วยการสงครามระหว่างไทยกับพม่า [2nd] (ระเบียนเลขที่ 3095)

รายละเอียดในรูปแบบ MARC
000 -LEADER
fixed length control field 01099nam a22002177a 4500
005 - DATE AND TIME OF LATEST TRANSACTION
control field 20250221140435.0
008 - FIXED-LENGTH DATA ELEMENTS--GENERAL INFORMATION
fixed length control field s2537 th tha d
020 ## - INTERNATIONAL STANDARD BOOK NUMBER
International Standard Book Number 9747049473
041 ## - LANGUAGE CODE
Language code of text/sound track or separate title tha
050 ## - LIBRARY OF CONGRESS CALL NUMBER
Classification number DS528.6 ส822พ 2537
100 0# - MAIN ENTRY--PERSONAL NAME
Personal name สุเนตร ชุตินธรานนท์, บรรณาธิการ
245 10 - TITLE STATEMENT
Title พม่ารบไทย : ว่าด้วยการสงครามระหว่างไทยกับพม่า [2nd]
260 3# - PUBLICATION, DISTRIBUTION, ETC.
Place of publication, distribution, etc. กรุงเทพฯ :
Name of publisher, distributor, etc. มติชน,
Date of publication, distribution, etc. 2537
300 ## - PHYSICAL DESCRIPTION
Extent 220 หน้า :
Other physical details ภาพประกอบ ;
Dimensions 21 ซม.
650 04 - SUBJECT ADDED ENTRY--TOPICAL TERM
Topical term or geographic name entry element พม่า -- ประวัติศาสตร์ -- สงครามกับไทย
650 04 - SUBJECT ADDED ENTRY--TOPICAL TERM
Topical term or geographic name entry element ไทย -- ประวัติศาสตร์ -- กรุงศรีอยุธยา -- สงครามกับพม่า
850 ## - HOLDING INSTITUTION
Holding institution NALT
942 ## - ADDED ENTRY ELEMENTS (KOHA)
Koha item type General Book
Koha issues (borrowed), all copies 4
997 ## -
-- 000000000003095
-- [อาคารรัฐสภา 2]
998 ## - LOCAL CONTROL INFORMATION (RLIN)
-- Mr.mover Books
-- 8
-- นายบัณฑิต อุทาวงค์
รายการที่มีในห้องสมุด
Withdrawn status Lost status Damaged status Not for loan Collection code Home library Current library Shelving location Total Checkouts Full call number Barcode Date last seen Price effective from Koha item type Source of classification or shelving scheme Date acquired Total Renewals Date last checked out
      Not for Loan General Book collection National Assembly Library of Thailand National Assembly Library of Thailand Parliament Building 2   DS 528.6 ส822พ 2537 3961101395 09/06/2017 09/06/2017 General Book        
        Senate National Assembly Library of Thailand National Assembly Library of Thailand General Book shelves 4 DS 528.6 ส822พ 2537 0100000671001 21/02/2025 01/02/2022 General Book Library of Congress Classification 01/02/2022 2 21/02/2025
หอสมุดรัฐสภา
สำนักงานเลขาธิการสภาผู้แทนราษฎร เลขที่ 1111 ถนนสามเสน แขวงถนนนครไชยศรี เขตดุสิต กรุงเทพฯ 10300
The Secretariat of the House of Representatives 1111 Samsen Road, Thanon Nakhon Chai Si, Dusit, Bangkok 10300, THAILAND
โทรศัพท์: +66(0) 2242 5900 ต่อ 5714-5 โทรสาร: +66(0) 2242 5990 อีเมล: [email protected]